| 000 | 00872cab a22001935a 4500 | ||
|---|---|---|---|
| 001 | L146841 | ||
| 008 | 090304e20090227xxkad f s 000 0 eng d | ||
| 035 | _a(Sirsi) u146841 | ||
| 041 | 0 | _aeng | |
| 100 | 1 | _aNeale, Jon | |
| 245 | 0 | 0 | _aDevelopers go flat out |
| 260 | _c2009 | ||
| 490 | 0 |
_aProperty Week _v75(9) 27 February 2009, 38(1) |
|
| 520 | _aExplains how new trends in development density and product type have implications for land values. Suggests that the business model that produced lots of small flats is now broken and briefly comments on the alternatives. Tables show UK new build: proportions of houses and flats, indicative residential densities and how land values increased as number of new-build flats grew. | ||
| 590 | _aKA | ||
| 651 | 4 |
_aUnited Kingdom _y |
|
| 690 | _aPROPERTY-RESIDENTIAL PROPERTY-RESIDENTIAL PROPERTY DEVELOPMENT | ||
| 942 | _n0 | ||
| 999 |
_c81305 _d81305 |
||